000
00343nam a2200145Ia 4500
008
150201s2005 xx 000 0 und d
082
_a
130
_b
S2005B
100
_a
BARON,ROBERT A.
245
_a
SOCIAL PSYCHOLOGY
250
_a
10TH
260
_b
PEARSON PUBLICATION
_a
DELHI
_c
2005
300
_a
1-728
650
_a
PSYCHOLOGY
942
_2
ddc
_c
BK
999
_c
3903
_d
3903